Statistics for METAR/TAF Codes

Click here to take the quiz!

General Stats

  • This quiz has been taken 7 times
  • The average score is 12 of 15

Answer Stats

HintAnswer% Correct
BrokenBKN
100%
Dust StormDS
100%
RainRA
100%
Scattered CloudsSCT
100%
ThunderstormTS
100%
MistBR
75%
DrizzleDZ
75%
SmokeFU
75%
HailGR
75%
HazeHZ
75%
RunwayRWY
75%
Special ReportSPECI
75%
Automated Observation with Precipitation DiscriminatorAO2
50%
ClearCLR
50%
Visibility Greater than 7 Statute Miles or 10Km9999
25%

Score Distribution

Percentile by Number Answered

Percent of People with Each Score

Your Score History

You have not taken this quiz